00313nam a2200109Ia 4500050002300000100003800023245002500061020001800086260002900104040002900133008004100162 aQH 308.2bE54 2007 aEnger, E.D. and Frederick C. Ross 0aConcepts in Biology  a0-07-298657-3 aMcGrawhillbBostonc2007 cChuka University Library230105s9999||||xx |||||||||||||| ||und||